| 000 | 00751nam a22002297a 4500 | ||
|---|---|---|---|
| 003 | 0 | ||
| 005 | 20250813174104.0 | ||
| 008 | 250813b xxu||||| |||| 00| 0 eng d | ||
| 020 | _a978-1-284-29770-6 | ||
| 050 |
_aRT 82 _b.M37 2026 |
||
| 100 |
_aMasters, Kathleen, _eauthor. |
||
| 245 |
_aRole development in professional nursing practice / _cKathleen Masters. |
||
| 250 | _a7th ed. | ||
| 260 |
_aBurlington, MA : _bWorld Headquarters, Jones & Barlett Learning , _c2026. |
||
| 300 |
_axv, 520 pages : _bcolored illustrations ; _c23 cm. |
||
| 504 | _aIncludes bibliographical references and index. | ||
| 650 | _aNurse's role. | ||
| 650 |
_aNursing _xstandards. |
||
| 650 | _aPhilosophy, Nursing. | ||
| 650 |
_aNursing _xtrends. |
||
| 942 |
_2lcc _cBK |
||
| 999 |
_c367507 _d367507 |
||